[Event "NOR-ch"]
[Site "Bergen"]
[Date "2025.07.10"]
[Round "7"]
[White "Hammer, Jon Ludvig"]
[Black "Amar, Elham"]
[Result "1/2-1/2"]
[WhiteElo "2608"]
[BlackElo "2600"]
[PlyCount "340"]
[EventDate "2025.07.04"]
[EventType "swiss"]
[EventRounds "9"]
[EventCountry "NOR"]
[SourceTitle "CB29_2025"]
[SourceDate "2025.07.16"]
[SourceVersion "1"]
[SourceVersionDate "2025.07.16"]
[SourceQuality "1"]

1. e4 c5 2. Nf3 Nc6 3. Bb5 d6 4. 0-0 Bd7 5. Re1 Nf6 6. c3 a6 7. Bxc6 Bxc6 8. d4 Bxe4 9. Bg5 Bc6 10. Bxf6 gxf6 11. d5 Bd7 12. Nbd2 e5 13. dxe6 Bxe6 14. Ne4 Be7 15. c4 f5 16. Nc3 Bxc4 17. Nh4 Qd7 18. Na4 Be6 19. Nb6 Qd8 20. Nxa8 Bxh4 21. Nc7+ Qxc7 22. Qa4+ Kd8 23. Qxh4+ Kc8 24. Rad1 Kb8 25. Qh6 d5 26. Qg7 Rd8 27. Qxh7 d4 28. Qg7 Bxa2 29. h4 Bb3 30. Rd3 Bc2 31. Rd2 Be4 32. f3 Qf4 33. Rf2 Bd5 34. Qe5+ Qxe5 35. Rxe5 c4 36. Rxf5 b5 37. Rd2 Be6 38. Rf4 d3 39. h5 b4 40. h6 a5 41. h7 Rh8 42. Rh4 a4 43. Kf2 b3 44. Ke3 c3 45. bxc3 a3 46. Rb4+ Kc7 47. c4 b2 48. Rd1 Bf5 49. Ra4 d2 50. Kxd2 Bxh7 51. Ra7+ Kb6 52. Rxa3 Rd8+ 53. Ke3 Rxd1 54. Rb3+ Kc5 55. Rxb2 Rd7 56. Kf2 Kxc4 57. Re2 Kd5 58. Re1 Rc7 59. Re8 Bf5 60. Re1 Kd6 61. Kg3 Be6 62. Kf4 Rc4+ 63. Kg3 Ke7 64. Re2 Kf6 65. Rb2 Ra4 66. Rb6 Ra2 67. Rb4 Rc2 68. Rb6 Kg7 69. Rb4 Bc4 70. Rb1 Kg6 71. Rb6+ Kg5 72. Rb1 Kf5 73. Re1 Ra2 74. Rc1 Bd5 75. Re1 Rd2 76. Re3 Bc4 77. Re1 Rc2 78. Kh2 Bd3 79. Kg3 Rd2 80. Re7 f6 81. Rd7 Rd1 82. Re7 Rc1 83. Re3 Bc4 84. Re4 Rc2 85. Re1 Kg5 86. Ra1 f5 87. Re1 f4+ 88. Kh3 Bd3 89. Re5+ Kf6 90. Re1 Bf5+ 91. Kh2 Rc8 92. Ra1 Rc2 93. Ra4 Kg5 94. Ra5 Rc8 95. Rb5 Rh8+ 96. Kg1 Kf6 97. Rb4 Kg5 98. Rb5 Ra8 99. Kh2 Ra4 100. Rc5 Kf6 101. Rc6+ Be6 102. Rc5 Rd4 103. Ra5 Bd5 104. Ra1 Rd2 105. Kh3 Re2 106. Ra4 Ke5 107. Ra5 Rb2 108. Ra1 Be6+ 109. Kh2 Bc4 110. Re1+ Be2 111. Kg1 Kd4 112. Kf2 Kd3 113. Ra1 Kd2 114. Re1 Bd3 115. Re7 Rb1 116. g3 Rf1+ 117. Kg2 Be2 118. Rd7+ Ke1 119. gxf4 Rxf3 120. Re7 Rxf4 121. Rg7 Rf3 122. Rg3 Rf2+ 123. Kh3 Rf8 124. Kg2 Kd2 125. Rg5 Bf3+ 126. Kg3 Ke3 127. Re5+ Be4 128. Rg5 Rf1 129. Rg4 Rf8 130. Rg5 Rf7 131. Rg4 Rf1 132. Rg5 Bf5 133. Kh4 Rh1+ 134. Kg3 Ke4 135. Kf2 Kf4 136. Rg8 Rh3 137. Rf8 Rh2+ 138. Kf1 Ra2 139. Kg1 Ke4 140. Rf7 Bg4 141. Rf2 Be2 142. Kh2 Ke3 143. Rg2 Ra1 144. Rg1 Ra2 145. Kg3 Ra8 146. Rg2 Ra1 147. Kh2 Kf3 148. Rg8 Bc4 149. Rf8+ Kg4 150. Kg2 Rb1 151. Rf6 Bd3 152. Rf8 Bf5 153. Kf2 Kf4 154. Rf7 Rb2+ 155. Kf1 Ke4 156. Kg1 Bg4 157. Rf2 Be2 158. Kh2 Ke3 159. Rg2 Rb8 160. Rg7 Kf2 161. Rg2+ Kf3 162. Rg3+ Kf4 163. Rg7 Rh8+ 164. Kg1 Bf3 165. Kf2 Rh2+ 166. Ke1 Ke3 167. Re7+ Be4 168. Rf7 Re2+ 169. Kd1 Rb2 170. Rc7 Rb1+ 1/2-1/2

[Event "Aktobe Dvorkovich op-A"]
[Site "Aktobe"]
[Date "2025.06.29"]
[Round "8"]
[White "Amar, Elham"]
[Black "Amilal, Munkhdalai"]
[Result "0-1"]
[WhiteElo "2589"]
[BlackElo "2385"]
[PlyCount "110"]
[EventDate "2025.06.22"]
[EventType "swiss"]
[EventRounds "9"]
[EventCountry "KAZ"]
[SourceTitle "CB27_2025"]
[SourceDate "2025.07.02"]
[SourceVersion "1"]
[SourceVersionDate "2025.07.02"]
[SourceQuality "1"]

1. e4 c5 2. Nf3 d6 3. d4 cxd4 4. Nxd4 Nf6 5. Nc3 a6 6. h3 e6 7. g4 d5 8. exd5 Nxd5 9. Nde2 Nxc3 10. Qxd8+ Kxd8 11. Nxc3 Bd7 12. Be3 Bc6 13. 0-0-0+ Nd7 14. Rg1 Ke8 15. Bg2 Rc8 16. f4 Bc5 17. Bxc5 Nxc5 18. Bxc6+ Rxc6 19. Rge1 Nd7 20. f5 Kd8 21. Ne4 Ke7 22. Ng5 Nb6 23. Nf3 g6 24. Re2 Rd8 25. Rxd8 Kxd8 26. fxe6 f6 27. Nd4 Rc7 28. h4 Ke7 29. h5 Nd5 30. Kd2 Nf4 31. Re4 Nh3 32. Re1 Ng5 33. b4 Rc4 34. Nb3 Rxb4 35. Kc3 Rxg4 36. hxg6 hxg6 37. Nc5 b5 38. Kb3 Rc4 39. Nxa6 Nf3 40. Rc1 g5 41. Nb4 Kxe6 42. c3 Nd2+ 43. Kc2 Ne4 44. Kd3 Nc5+ 45. Kd2 f5 46. Ke2 Ne4 47. Kd3 g4 48. a3 Ke5 49. Na2 f4 50. Rb1 Rc5 51. Ke2 f3+ 52. Ke3 Nxc3 53. Rc1 Nd5+ 54. Kf2 Rxc1 55. Nxc1 Ke4 0-1

[Event "Aktobe Dvorkovich op-A"]
[Site "Aktobe"]
[Date "2025.06.25"]
[Round "4"]
[White "Amar, Elham"]
[Black "Goutham Krishna, H."]
[Result "1-0"]
[WhiteElo "2589"]
[BlackElo "2427"]
[PlyCount "95"]
[EventDate "2025.06.22"]
[EventType "swiss"]
[EventRounds "9"]
[EventCountry "KAZ"]
[SourceTitle "CB27_2025"]
[SourceDate "2025.07.02"]
[SourceVersion "1"]
[SourceVersionDate "2025.07.02"]
[SourceQuality "1"]

1. e4 e6 2. d4 d5 3. e5 Bd7 4. Nf3 a6 5. Nc3 Bb4 6. Bd2 Bxc3 7. Bxc3 Bb5 8. Bxb5+ axb5 9. 0-0 b6 10. Bd2 Ne7 11. h4 h5 12. Bg5 Nbc6 13. a3 Qd7 14. c3 Nf5 15. Ne1 Nce7 16. Nd3 Ng6 17. g3 Rc8 18. a4 bxa4 19. Rxa4 c5 20. dxc5 bxc5 21. Re1 Qb5 22. b4 cxb4 23. Rxb4 Qa6 24. Ra4 Qc6 25. Ra3 Qc4 26. Nb2 Qc5 27. Qa4+ Qc6 28. Qb4 Qc5 29. Nd3 Qxb4 30. cxb4 0-0 31. Rb1 f6 32. exf6 gxf6 33. Bd2 Ra8 34. Rxa8 Rxa8 35. b5 Nd6 36. b6 Ne5 37. Bf4 Nec4 38. Bxd6 Nxd6 39. b7 Rb8 40. Nc5 Kf7 41. Rb6 Ke7 42. Ra6 d4 43. Ra8 d3 44. Kf1 Nxb7 45. Ra7 Kd6 46. Rxb7 Rxb7 47. Nxb7+ Kc6 48. g4 1-0

[Event "Norway Chess op-A"]
[Site "Stavanger"]
[Date "2025.05.27"]
[Round "8"]
[White "Amar, Elham"]
[Black "Harish, Neeraj"]
[Result "1-0"]
[WhiteElo "2569"]
[BlackElo "2192"]
[PlyCount "101"]
[EventDate "2025.05.27"]
[EventType "swiss"]
[EventRounds "9"]
[EventCountry "NOR"]
[SourceTitle "CB23_2025"]
[SourceDate "2025.06.04"]
[SourceVersion "1"]
[SourceVersionDate "2025.06.04"]
[SourceQuality "1"]

1. e4 c5 2. Nf3 e6 3. c3 d5 4. e5 d4 5. d3 Nc6 6. g3 Nge7 7. Bg2 Ng6 8. Qe2 Qc7 9. 0-0 Ncxe5 10. Nxe5 Qxe5 11. Be4 f5 12. f4 Qf6 13. Bg2 Bd6 14. Na3 0-0 15. Nc4 Bc7 16. cxd4 cxd4 17. Bd2 Bd7 18. Bxb7 Rae8 19. Bb4 Rf7 20. Bg2 e5 21. fxe5 Nxe5 22. Rae1 Bc6 23. Bxc6 Qxc6 24. Qg2 Qxg2+ 25. Kxg2 Rf6 26. Bc5 Rfe6 27. Nxe5 Rxe5 28. Rxe5 Bxe5 29. Re1 Kf7 30. Bxa7 Ra8 31. Bc5 Kf6 32. Ra1 Ra5 33. Bb4 Rb5 34. a3 Ke6 35. Rc1 Kd5 36. Rc8 Rb6 37. Kf3 g5 38. g4 f4 39. Rc5+ Ke6 40. Ke4 Bf6 41. Rc7 h6 42. h3 Rb5 43. Rc6+ Kf7 44. Bc5 Rb7 45. b4 Kg7 46. a4 Be7 47. Bxd4+ Kf7 48. b5 Bb4 49. b6 Re7+ 50. Kf3 Ba5 51. Rxh6 1-0

[Event "Sharjah Masters-A 8th"]
[Site "Sharjah"]
[Date "2025.05.17"]
[Round "1"]
[White "Huang, Renjie"]
[Black "Amar, Elham"]
[Result "1/2-1/2"]
[WhiteElo "2491"]
[BlackElo "2569"]
[PlyCount "39"]
[EventDate "2025.05.17"]
[EventType "swiss"]
[EventRounds "9"]
[EventCountry "UAE"]
[SourceTitle "CB22_2025"]
[SourceDate "2025.05.28"]
[SourceVersion "1"]
[SourceVersionDate "2025.05.28"]
[SourceQuality "1"]

1. e4 c5 2. Nf3 e6 3. d4 cxd4 4. Nxd4 Nc6 5. Nc3 a6 6. Be2 Qc7 7. Nxc6 bxc6 8. Qd3 Nf6 9. Qg3 Qxg3 10. hxg3 d5 11. g4 Nxe4 12. Nxe4 dxe4 13. Be3 e5 14. 0-0-0 a5 15. Rh4 Be7 16. g5 Bf5 17. Bg4 g6 18. Rdh1 h5 19. Bh3 f6 20. Bxf5 1/2-1/2

[Event "Sardinia World op-A"]
[Site "Orosei"]
[Date "2025.04.27"]
[Round "1"]
[White "Amar, Elham"]
[Black "Gut, Raphael"]
[Result "1-0"]
[WhiteElo "2546"]
[BlackElo "2150"]
[PlyCount "69"]
[EventDate "2025.04.27"]
[EventType "swiss"]
[EventRounds "9"]
[EventCountry "ITA"]
[SourceTitle "CB19_2025"]
[SourceDate "2025.05.07"]
[SourceVersion "1"]
[SourceVersionDate "2025.05.07"]
[SourceQuality "1"]

1. e4 c5 2. Nf3 d6 3. d4 cxd4 4. Nxd4 Nf6 5. Nc3 a6 6. Be3 e5 7. Nb3 Be7 8. h3 0-0 9. Qd2 Be6 10. 0-0-0 b5 11. f4 Nbd7 12. g4 b4 13. Nd5 Nxe4 14. Nxe7+ Qxe7 15. Qxb4 Ng3 16. Rg1 Nxf1 17. Rgxf1 Qh4 18. Rf3 a5 19. Qxd6 a4 20. Bf2 Qh6 21. Nd2 exf4 22. Qxf4 Qg6 23. a3 Rac8 24. Qxa4 Ne5 25. Rc3 Rxc3 26. bxc3 h5 27. Bd4 Nd7 28. Qc6 hxg4 29. hxg4 Nb8 30. Qe4 Qg5 31. Rh1 Rd8 32. Rh5 Qxg4 33. Qh1 Kf8 34. Bc5+ Ke8 35. Rh8+ 1-0

[Event "Sardinia World op-A"]
[Site "Orosei"]
[Date "2025.04.27"]
[Round "2"]
[White "Ypma, Peter"]
[Black "Amar, Elham"]
[Result "0-1"]
[WhiteElo "2288"]
[BlackElo "2546"]
[PlyCount "128"]
[EventDate "2025.04.27"]
[EventType "swiss"]
[EventRounds "9"]
[EventCountry "ITA"]
[SourceTitle "CB19_2025"]
[SourceDate "2025.05.07"]
[SourceVersion "1"]
[SourceVersionDate "2025.05.07"]
[SourceQuality "1"]

1. c4 e6 2. e4 d5 3. exd5 exd5 4. d4 Nf6 5. Nf3 Be7 6. Nc3 0-0 7. Be2 dxc4 8. Bxc4 Nbd7 9. 0-0 Nb6 10. Bd3 Bg4 11. a3 c6 12. Be2 Nbd5 13. h3 Bh5 14. g4 Bg6 15. Ne5 Nxc3 16. bxc3 Ne4 17. Qb3 Qb6 18. Qxb6 axb6 19. Bb2 b5 20. Rfe1 Bh4 21. Rf1 Rfe8 22. Nxg6 hxg6 23. Bd3 Nd2 24. Rfd1 Nc4 25. Bc1 Nb6 26. g5 Na4 27. c4 Nc3 28. Rf1 bxc4 29. Bxc4 Ra4 30. Bb3 Ra5 31. Bd2 Ne2+ 32. Kg2 Rf5 33. Bc2 Rd5 34. Bb3 Rdd8 35. Rad1 Nxd4 36. Ba5 Rd6 37. Bc7 Rd7 38. Bb6 Re4 39. Bc2 Rf4 40. Ba5 Bxg5 41. Bb1 Bf6 42. Rfe1 Rh4 43. Re8+ Kh7 44. Rd3 Rh5 45. Bd2 Rb5 46. Bc2 Rbd5 47. Bb1 Nb5 48. Rxd5 Rxd5 49. Bb4 c5 50. Ba5 Nxa3 51. Ba2 c4 52. Bb4 Nc2 53. Bxc4 Rg5+ 54. Kf1 Nxb4 55. Bxf7 Re5 56. Rc8 Re7 57. Bb3 Nc6 58. Bg8+ Kh6 59. Bd5 Kg5 60. Bxc6 bxc6 61. Rxc6 Ra7 62. Kg2 Ra2 63. Rd6 Kf5 64. Kf3 Bh4 0-1

[Event "Reykjavik op"]
[Site "Reykjavik"]
[Date "2025.04.13"]
[Round "7"]
[White "Amar, Elham"]
[Black "Banusz, Tamas"]
[Result "1/2-1/2"]
[WhiteElo "2546"]
[BlackElo "2592"]
[PlyCount "23"]
[EventDate "2025.04.09"]
[EventType "swiss"]
[EventRounds "9"]
[EventCountry "ISL"]
[SourceTitle "CB17_2025"]
[SourceDate "2025.04.23"]
[SourceVersion "1"]
[SourceVersionDate "2025.04.23"]
[SourceQuality "1"]

1. e4 c5 2. Nf3 Nc6 3. Bb5 e6 4. Bxc6 bxc6 5. d3 Qc7 6. 0-0 Ne7 7. h4 d6 8. h5 h6 9. Nh2 g5 10. hxg6 Nxg6 11. f4 Rg8 12. Qh5 1/2-1/2

[Event "Reykjavik op"]
[Site "Reykjavik"]
[Date "2025.04.13"]
[Round "6"]
[White "Tahay, Alexis"]
[Black "Amar, Elham"]
[Result "0-1"]
[WhiteElo "2397"]
[BlackElo "2546"]
[PlyCount "118"]
[EventDate "2025.04.09"]
[EventType "swiss"]
[EventRounds "9"]
[EventCountry "ISL"]
[SourceTitle "CB17_2025"]
[SourceDate "2025.04.23"]
[SourceVersion "1"]
[SourceVersionDate "2025.04.23"]
[SourceQuality "1"]

1. e4 c5 2. Nf3 d6 3. d4 cxd4 4. Nxd4 Nf6 5. Nc3 a6 6. g3 e5 7. Nde2 b5 8. Nd5 Nxd5 9. Qxd5 Ra7 10. Be3 Be6 11. Qd2 Rb7 12. Nc3 Be7 13. Nd5 0-0 14. 0-0-0 Bxd5 15. Qxd5 Qc7 16. Rd3 Nd7 17. Rc3 Qb8 18. Qc6 Nc5 19. h4 Bd8 20. Be2 Ba5 21. Bxc5 dxc5 22. Ra3 Rc8 23. Qd5 Rd8 24. Qxc5 Rc7 25. Qe3 Bd2+ 26. Qxd2 Rxd2 27. Kxd2 Qb6 28. Rf1 g6 29. Kc1 Qd4 30. f3 Kg7 31. Rb3 Rc5 32. a3 a5 33. g4 h6 34. h5 gxh5 35. gxh5 b4 36. a4 Qd7 37. Bb5 Qh3 38. Kb1 Qxh5 39. Rd3 Qh2 40. Rc1 Qf2 41. Rdd1 Qxf3 42. Rg1+ Kf8 43. Rcd1 Rc8 44. Bd3 b3 45. cxb3 Rd8 46. Rgf1 Qe3 47. Rfe1 Qb6 48. Kc2 h5 49. Re2 h4 50. Rh1 Rxd3 51. Kxd3 Qxb3+ 52. Kd2 Qxb2+ 53. Kd3 Qd4+ 54. Kc2 Qxa4+ 55. Kd2 Qa2+ 56. Kd3 Qb3+ 57. Kd2 h3 58. Rhh2 a4 59. Ke1 a3 0-1

[Event "Reykjavik op"]
[Site "Reykjavik"]
[Date "2025.04.12"]
[Round "5"]
[White "Amar, Elham"]
[Black "Stefansson, Hannes"]
[Result "1-0"]
[WhiteElo "2546"]
[BlackElo "2420"]
[PlyCount "83"]
[EventDate "2025.04.09"]
[EventType "swiss"]
[EventRounds "9"]
[EventCountry "ISL"]
[SourceTitle "CB17_2025"]
[SourceDate "2025.04.23"]
[SourceVersion "1"]
[SourceVersionDate "2025.04.23"]
[SourceQuality "1"]

1. e4 c5 2. Nf3 e6 3. d4 cxd4 4. Nxd4 a6 5. Bd3 Bc5 6. Nb3 Ba7 7. Qe2 Ne7 8. Nc3 Nbc6 9. Be3 0-0 10. 0-0-0 b5 11. Bxa7 Rxa7 12. f4 d5 13. exd5 Nxd5 14. Nxd5 exd5 15. Kb1 Qf6 16. Qh5 g6 17. Qxd5 Bg4 18. Rd2 Rd8 19. Qg5 Qxg5 20. fxg5 Re7 21. h3 Bf5 22. Bxf5 Rxd2 23. Nxd2 gxf5 24. Kc1 Nb4 25. a3 Nd5 26. Nf3 Re2 27. Rd1 Ne3 28. Re1 Rxe1+ 29. Nxe1 Kg7 30. Kd2 f4 31. g4 Nc4+ 32. Kc3 Ne5 33. Nd3 f3 34. b3 f6 35. gxf6+ Kxf6 36. Kd4 Nc6+ 37. Ke4 Kg5 38. c4 Na5 39. c5 Nxb3 40. c6 Nc5+ 41. Kxf3 Na4 42. Nc5 1-0

[Event "Reykjavik op"]
[Site "Reykjavik"]
[Date "2025.04.09"]
[Round "1"]
[White "Elier, Ali"]
[Black "Amar, Elham"]
[Result "0-1"]
[WhiteElo "2125"]
[BlackElo "2546"]
[PlyCount "64"]
[EventDate "2025.04.09"]
[EventType "swiss"]
[EventRounds "9"]
[EventCountry "ISL"]
[SourceTitle "CB17_2025"]
[SourceDate "2025.04.23"]
[SourceVersion "1"]
[SourceVersionDate "2025.04.23"]
[SourceQuality "1"]

1. e4 c5 2. d4 cxd4 3. c3 dxc3 4. Nxc3 Nc6 5. Nf3 e6 6. Bc4 a6 7. 0-0 Nge7 8. Bg5 h6 9. Be3 d6 10. Qe2 Ng6 11. Nd2 Be7 12. f4 0-0 13. Rad1 b5 14. Bb3 Bd7 15. Qh5 Na5 16. Bc2 b4 17. Ne2 Bb5 18. Rf2 Rc8 19. Bb1 Bf6 20. f5 Ne5 21. Nd4 Bd7 22. N2f3 Nac4 23. Bc1 Nxf3+ 24. Nxf3 exf5 25. exf5 Re8 26. b3 Ne3 27. Bxe3 Rxe3 28. Rfd2 Qb6 29. Kh1 Bb5 30. Ng1 Rd8 31. Qg4 d5 32. Nh3 Rde8 0-1

[Event "Wch U20 62nd"]
[Site "Petrovac"]
[Date "2025.03.06"]
[Round "10"]
[White "Amar, Elham"]
[Black "Chinguun, Sumiya"]
[Result "1-0"]
[WhiteElo "2537"]
[BlackElo "2393"]
[PlyCount "65"]
[EventDate "2025.02.25"]
[EventType "swiss"]
[EventRounds "11"]
[EventCountry "MNE"]
[SourceTitle "CB11_2025"]
[SourceDate "2025.03.12"]
[SourceVersion "1"]
[SourceVersionDate "2025.03.12"]
[SourceQuality "1"]

1. e4 c5 2. Nf3 d6 3. d4 Nf6 4. Nc3 cxd4 5. Nxd4 a6 6. Be3 e5 7. Nb3 Be7 8. h3 h6 9. g4 b5 10. Qf3 Nbd7 11. 0-0-0 b4 12. Nd5 Nxd5 13. exd5 a5 14. Bb5 a4 15. Nc5 0-0 16. Nxa4 Qa5 17. c4 bxc3 18. Nxc3 Nf6 19. g5 hxg5 20. Bxg5 Nxd5 21. Rhg1 Bxg5+ 22. Rxg5 Nf4 23. Rxd6 Be6 24. Rxe5 Rac8 25. Ra6 Ne2+ 26. Qxe2 Rxc3+ 27. bxc3 Qxc3+ 28. Kb1 Rc8 29. Qb2 Bf5+ 30. Ka1 Qf3 31. Re1 Rc2 32. Qd4 Rxf2 33. Re8+ 1-0

[Event "Wch U20 62nd"]
[Site "Petrovac"]
[Date "2025.03.04"]
[Round "8"]
[White "Amar, Elham"]
[Black "Yaniv, Yuval"]
[Result "1-0"]
[WhiteElo "2537"]
[BlackElo "2415"]
[PlyCount "169"]
[EventDate "2025.02.25"]
[EventType "swiss"]
[EventRounds "11"]
[EventCountry "MNE"]
[SourceTitle "CB11_2025"]
[SourceDate "2025.03.12"]
[SourceVersion "1"]
[SourceVersionDate "2025.03.12"]
[SourceQuality "1"]

1. e4 c5 2. Nf3 Nc6 3. Bb5 g6 4. 0-0 Bg7 5. c3 e5 6. d4 cxd4 7. cxd4 exd4 8. Bf4 a6 9. Ba4 Nge7 10. e5 0-0 11. Nbd2 b5 12. Bc2 Bb7 13. Ne4 Nb4 14. Bb1 d3 15. Bxd3 Nxd3 16. Qxd3 Nd5 17. Bg3 Qb6 18. Rfe1 a5 19. a3 a4 20. Rad1 b4 21. Nd6 Bc6 22. Nd4 Nc7 23. Nxc6 dxc6 24. Qc4 bxa3 25. bxa3 Qa6 26. Qg4 Qa7 27. Qd7 c5 28. Rb1 Rad8 29. Qe7 Nb5 30. Qxa7 Nxa7 31. Rbc1 Nc6 32. f4 g5 33. Nb7 Rd3 34. Nxc5 Rxa3 35. Nd7 Rd8 36. Rxc6 Rxd7 37. Rc8+ Bf8 38. f5 Rad3 39. e6 fxe6 40. fxe6 Rd8 41. Rc4 a3 42. e7 Bxe7 43. Rxe7 a2 44. Re1 Rd1 45. Rc1 Rxe1+ 46. Rxe1 Rd2 47. h3 Re2 48. Rc1 Kf7 49. Rc7+ Ke6 50. Ra7 h5 51. h4 gxh4 52. Bxh4 Kf5 53. Kh2 Kg4 54. Ra4+ Kf5 55. Kh3 Re3+ 56. Bg3 Re2 57. Ra5+ Kg6 58. Bf4 Rc2 59. Be5 Re2 60. Bh8 Re3+ 61. Kh2 Re2 62. Kg3 Rd2 63. Kf3 Rc2 64. Bd4 Rd2 65. Bf2 Rc2 66. Bd4 Rd2 67. Ra6+ Kf5 68. Ba1 Rc2 69. Bf6 Rd2 70. Bh4 Rc2 71. g3 Rb2 72. Ra5+ Kg6 73. Ke3 Rc2 74. Kd3 Rb2 75. Kc3 Rf2 76. Ra6+ Kf7 77. Kb3 Rf3+ 78. Kxa2 Kg7 79. Kb2 Rd3 80. Kc2 Rd7 81. Kc3 Rd1 82. Kc4 Rd7 83. Kc5 Rd1 84. Rd6 Ra1 85. Bf6+ 1-0